000 00995nam a22003257a 4500
001 0003702
003 KOHA_MİRAKIL
005 20260207001344.0
007 ta
008 090415b1994 tu |||gr||||#||||0|tur |
020 _a9754704279
040 _aTR-BiSEU
_btur
_cTR-BiSEU
_erda
041 0 _atur
044 _ctu
050 _aHF5415.126
_b.D66 1994
100 1 _aXardel, Dominique.
245 1 _aDoğrudan pazarlama =le marketing direct/
_cDominique Xardel ; Dominique Xardel; çeviren Ömer Ergun.
264 1 _aİstanbul :
_bİletişim yayınları, 1994
_c1994
300 _a110 sayfa: resimli; 21 cm.
336 _ametin
_btxt
_2rdacontent
337 _aaracısız
_bn
_2rdamedia
338 _acilt
_bnc
_2rdacarrier
490 0 _aİletişim yayınları.
490 0 _aCep Üniversitesi
650 0 _aDoğrudan pazarlama.
_98998
650 0 _aDirect marketing.
_98999
830 0 _aİletişim yayınları.
_92528
830 0 _aCep Üniversitesi
_99000
942 _2lcc
_cBK
999 _c3686
_d3686